000 00932nam a2200253 i 4500
001 10260
003 ES-MaACL
005 20250903021056.0
007 t|
008 950404s1994 sp ||||1| val d
020 _a84-482-0791-2
100 1 _aGarma, Santiago
_955574
245 1 0 _aJosep Chaix i el progrés matemátic a princis del segle XIX /
_cSantiago Garma.
260 _aValencia :
_bConselleria d'Educació i Ciència, Consell Valenciáa de Cultura,
_c1994.
300 _a127 p. :
_bil. ;
_c20 cm.
490 1 _aSèrie Minor ;
_v20
504 _aBibliografía : p. 122-127.
600 1 4 _aChaix, Josep-
_xBiografías.
_937805
650 1 4 _aMatemáticas-
_yS.XIX
_914832
710 1 _aComunidad Valenciana.
_bConsejería de Cultura, Educación y Ciencia.
_97533
830 0 _aSèrie Minor ;
_v20
_9184800
852 _aES-MaACL
_jL-17739
_bR.123826
_q. - Ded. autogr. del autor
999 _c10260
_d10260